00865 2200301 4500001002100000005001500021035002000036007000300056008004100059020001800100082001100118084001700129100002100146245006800167250001200235300004100247650002400288650002800312650002800340650002600368650001700394650002900411264003600440336002100476337003000497338002300527990001300550INLIS00000000112167820251106014842 a0010-1125000035ta251106 0 ind a9786230258374 a352.38 a352.38 ARM c0 aArmanePengarang1 aCollaboratiaon, E-Government & Manajemen Sektor Publik /cArman aEdisi 1 ax, 136 halaman :bilustrasi ;c23 cm 4aAdministrasi Publik 4aPemerintahan Elektronik 4aManajemen Sektor Publik 4aPublic Administration 4aE-Government 4aPublic Sector Management aYogyakarta :bDeepublish,c2023 2rdacontentaTeks 2rdamediaaTanpa Perantara 2rdacarrieraVolume a25/00124